Dessert architect (Record no. 19407)

MARC details
000 -LEADER
fixed length control field 00443nam a2200169Ia 4500
008 - FIXED-LENGTH DATA ELEMENTS--GENERAL INFORMATION
fixed length control field 230917s9999||||xx |||||||||||||| ||und||
020 ## - ISBN
Price USD79.95
040 ## - CATALOGING SOURCE
-- 234887
Original cataloging agency VIVEKANANDA LIBRARY
041 ## - Language
-- English
082 ## - DDC NUMBER
Classification number 641.86 W472D
100 ## - MAIN ENTRY--PERSONAL NAME
Personal name Wemischner, Robert
245 #0 - TITLE STATEMENT
Title Dessert architect
260 ## - PUBLICATION, DISTRIBUTION, ETC. (IMPRINT)
Place of publication, distribution, etc New York
Name of publisher, distributor, etc Cengage Learning
Date of publication, distribution, etc 2010
300 ## - PHYSICAL DESCRIPTION
Pages x, 415 p.
500 ## - GENERAL NOTE
General note 2404 07/10/2016 HBD17/6751 23/12/2016 IHTM (SFS)
942 ## - ADDED ENTRY ELEMENTS (KOHA)
Koha item type Books
Holdings
Withdrawn status Lost status Damaged status Not for loan Location (home branch) Sublocation or collection (holding branch) Shelving location Date acquired Koha issues (times borrowed) Koha full call number Accession No. Koha date last seen Koha item type
        VIVEKANANDA LIBRARY VIVEKANANDA LIBRARY IHTM Library 06/02/2017   641.86 W472D 354766 17/09/2023 Books
© Designed and Maintained by Vivekananda Library, MDU Rohtak